000
00263nam a2200109Ia 4500
008
220204s9999 xx 000 0 und d
082
_a
674.1
_b
HAY
100
_a
Haywards, Charles
245
0
_a
Carpentry
260
_a
Kent
_b
Hodder and Stoughton
_c
1973
942
_c
BK
999
_c
35237
_d
35237